000 00569nam a2200169 a 4500
008 120416s1980 ||||||||||||||||| || u
020 _a0312234252
050 _aHB 71 Car
100 _aCarson, Robert B
245 1 0 _aEconomic issues today: alternative approaches. (2nd ed.)
250 _a2nd ed.
260 _aNew York
_bSt. Martin S. P
_c1980
300 _aviii, 347p. : ill.
350 _a0.00
650 0 _aECONOMICS
995 _D0.00
_FCBU-MAIN LIBRARY (Kitwe)
_H1
_I8.95
_UDAMAGED
_ZMain Library Open Access Collection
999 _c40860
_d40860